| 000 -ლიდერი |
| ფიქსირებული სიგრძის საკონტროლო ველი |
01470nam a2200265Ia 4500 |
| 001 - საკონტროლო ნომერი |
| საკონტროლო ველი |
2874 |
| 003 - საკონტროლო ნომრის იდენტიფიკატორი |
| საკონტროლო ველი |
GE_BSU |
| 005 - ბოლო ოპერაციის თარიღი და დრო |
| საკონტროლო ველი |
20211207115830.0 |
| 008 - ფიქსირებული სიგრძის მონაცემთა ელემენტები - ზოგადი ინფორმაცია |
| ფიქსირებული სიგრძის საკონტროლო ველი |
181216s2001||||ge |||||||||||||| ||geo|| |
| 040 ## - კატალოგიზაციის წყარო |
| Transcribing agency |
GE_BSU |
| 041 ## - ენის კოდი |
| Language code of text/sound track or separate title |
geo |
| 080 ## - უნივერსალური ათობითი კლასიფიკაციის ინდექსი |
| Universal Decimal Classification number |
339.5 + 339.9 + 339.54 კ–92 |
| 100 ## - მთავარი ჩანაწერი - პიროვნების სახელი |
| Personal name |
კრუგმანი, პოლ |
| 9 (RLIN) |
860 |
| 245 ## - ცნობა სათაურის შესახებ |
| Title |
საერთაშორისო ეკონომიკა : |
| Statement of responsibility, etc |
ინგლ. თარგმნ : მზია თულიანი ; რედ : როზა ფეიქრიშვილი; ფონდი "ღია საზოგადოება-საქართველო". |
| Remainder of title |
თეორია და პოლიტიკა / |
| 264 ## - წარმოების, გამოცემის, დისტრიბუციის და სხვა ცნობები |
| გამოცემის, წარმოების, დისტრიბუციის... ადგილი |
თბილისი : |
| გამოცემის, წარმოების, დისტრიბუციის... სახელწოდება |
ცისარტყელა, |
| გამოცემის, წარმოების, დისტრიბუციის... თარიღი |
2000. |
| 300 ## - ფიზიკური აღწერა |
| Extent |
500გვ . : |
| Other physical details |
გრაფ.; |
| Dimensions |
29 სმ. |
| 653 ## - INDEX TERM--UNCONTROLLED |
| Uncontrolled term |
საერთაშორისო ეკონომიკური ურთიერთობები |
| 653 ## - INDEX TERM--UNCONTROLLED |
| Uncontrolled term |
საერთაშორისო ვაჭრობა |
| 653 ## - INDEX TERM--UNCONTROLLED |
| Uncontrolled term |
სავაჭრო პოლიტიკა |
| 653 ## - INDEX TERM--UNCONTROLLED |
| Uncontrolled term |
ეკონომიკა |
| 700 ## - ADDED ENTRY--PERSONAL NAME |
| Personal name |
თულიანი, მზია |
| Relator term |
მთარგმნელი |
| 9 (RLIN) |
861 |
| 700 ## - ADDED ENTRY--PERSONAL NAME |
| Personal name |
ფეიქრიშვილი, როზეტა |
| Relator term |
რედაქტორი |
| 9 (RLIN) |
862 |
| 710 ## - ADDED ENTRY--CORPORATE NAME |
| Corporate name or jurisdiction name as entry element |
ფონდი "ღია საზოგადოება-საქართველო". |
| 9 (RLIN) |
13187 |
| 942 ## - ADDED ENTRY ELEMENTS (KOHA) |
| Koha item type |
წიგნი |
| Source of classification or shelving scheme |
|